Ingreso al 3er. ciclo eegb-uns a¥o 2000; lengua /

Guardado en:
Autor Principal: Negrin Marta
Formato: Libro
Publicado: Bah¡a Blanca : Imprenta Uns, 1999
Materias:
Fc
Etiquetas: Agregar Etiqueta
Sin Etiquetas, Sea el primero en etiquetar este registro!
LEADER 00642nam a22002175a 4500
001 CEM.cems010139
005 20060214000000.0
008 130507s1999##################000#0#####d
003 CEMS
082 0 4 |a F468 
100 1 |a Negrin Marta 
245 1 0 |a Ingreso al 3er. ciclo eegb-uns a¥o 2000; lengua / 
260 |a Bah¡a Blanca :  |b Imprenta Uns,  |c 1999 
300 |a 42 p. 
653 |a Educacion general basica 
653 |a Fc 
653 |a Ingreso egb3-a¥o 2000 
653 |a Lengua 
653 |a Lengua-ingreso egb3 
859 |a CEMS  |b BIB. CEMS - 11 de abril  |h F468  |i 1  |p 1639.44  |t Ej.1 
859 |a CEMS  |b BIB. CEMS - 11 de abril  |h F468  |i 1  |p 1733.44  |t Ej.2